Le rôle et la place des industries mécaniques et électriques dans les économie mondiale mise à jour 1970-1975 de la partie analytique

Gespeichert in:
Bibliographische Detailangaben
Körperschaft: Commission Économique pour L'Europe
Format: Buch
Sprache:Undetermined
Veröffentlicht: New York Nations Unies 1980
Schlagworte:
Tags: Tag hinzufügen
Keine Tags, Fügen Sie den ersten Tag hinzu!
Thư viện lưu trữ: Trung tâm Học liệu Trường Đại học Cần Thơ
LEADER 00620nam a2200181Ia 4500
001 CTU_96429
008 210402s9999 xx 000 0 und d
082 |a 338.4 
082 |b C734 
110 |a Commission Économique pour L'Europe 
245 0 |a Le rôle et la place des industries mécaniques et électriques dans les économie mondiale mise à jour 1970-1975 de la partie analytique 
245 0 |c Commission Économique pour L'Europe 
260 |a New York 
260 |b Nations Unies 
260 |c 1980 
650 |a Industries 
904 |i Giang 
980 |a Trung tâm Học liệu Trường Đại học Cần Thơ